<?xml version="1.0" encoding="UTF-8"?><?xml-stylesheet type="text/xsl" href="static/style.xsl"?><OAI-PMH xmlns="http://www.openarchives.org/OAI/2.0/" xmlns:xsi="http://www.w3.org/2001/XMLSchema-instance" xsi:schemaLocation="http://www.openarchives.org/OAI/2.0/ http://www.openarchives.org/OAI/2.0/OAI-PMH.xsd"><responseDate>2026-04-13T16:47:27Z</responseDate><request verb="GetRecord" identifier="oai:www.recercat.cat:10256/21238" metadataPrefix="marc">https://recercat.cat/oai/request</request><GetRecord><record><header><identifier>oai:recercat.cat:10256/21238</identifier><datestamp>2024-06-14T09:54:39Z</datestamp><setSpec>com_2072_452955</setSpec><setSpec>com_2072_2054</setSpec><setSpec>col_2072_453066</setSpec></header><metadata><record xmlns="http://www.loc.gov/MARC21/slim" xmlns:dcterms="http://purl.org/dc/terms/" xmlns:xsi="http://www.w3.org/2001/XMLSchema-instance" xmlns:doc="http://www.lyncode.com/xoai" xsi:schemaLocation="http://www.loc.gov/MARC21/slim http://www.loc.gov/standards/marcxml/schema/MARC21slim.xsd">
   <leader>00925njm 22002777a 4500</leader>
   <datafield ind2=" " ind1=" " tag="042">
      <subfield code="a">dc</subfield>
   </datafield>
   <datafield ind2=" " ind1=" " tag="720">
      <subfield code="a">Bidegain, Íñigo</subfield>
      <subfield code="e">author</subfield>
   </datafield>
   <datafield ind2=" " ind1=" " tag="720">
      <subfield code="a">López-Santiago, César A.</subfield>
      <subfield code="e">author</subfield>
   </datafield>
   <datafield ind2=" " ind1=" " tag="720">
      <subfield code="a">González Novoa, José Antonio</subfield>
      <subfield code="e">author</subfield>
   </datafield>
   <datafield ind2=" " ind1=" " tag="720">
      <subfield code="a">Martínez-Sastre, Rodrigo</subfield>
      <subfield code="e">author</subfield>
   </datafield>
   <datafield ind2=" " ind1=" " tag="720">
      <subfield code="a">Ravera, Federica</subfield>
      <subfield code="e">author</subfield>
   </datafield>
   <datafield ind2=" " ind1=" " tag="720">
      <subfield code="a">Cerda, Claudia</subfield>
      <subfield code="e">author</subfield>
   </datafield>
   <datafield ind2=" " ind1=" " tag="260">
      <subfield code="c">2020-10-14</subfield>
   </datafield>
   <datafield ind2=" " ind1=" " tag="520">
      <subfield code="a">Mediterranean cultural landscapes have been recognized as multifunctional landscapes that are currently threatened by two opposing trends: rural abandonment and agricultural intensification. Uncovering people’s perceptions of different landscape configurations, and how inhabitants value the contributions of nature to human wellbeing, is essential to understanding current landscape trends. In this study, we analyze the social perception of the cultural landscapes of Sierra Morena (Andalusia, Spain) based on 389 face-to-face visual questionnaires in an attempt to understand individuals’ landscape preferences, the reasons behind those preferences and how those landscapes are perceived as suppliers of ecosystem services by different groups of stakeholders. Four groups of stakeholders were identified that differed in how they perceive and value the cultural landscape. An urban-related group was characterized by their preferences for pine plantations and “green” landscapes, guided mostly by aesthetic criteria. A livestock-related group showed a clear preference for wood–pasture landscapes (dehesas) due to their ability to supply multiple ecosystem services. An environmentally aware group showed preferences for dehesas and Mediterranean forests, mainly guided by ecological criteria. Finally, an olive-related group showed a clear preference for olive grove landscapes as key for the regional economy and their cultural identity. Overall, the local inhabitants of Sierra Morena perceived a higher supply of ecosystem services in moderately disturbed landscapes, such as dehesas and mosaic landscapes, than in highly disturbed ones, such as conventional olive groves and pine plantations, or in less used landscapes, such as the Mediterranean forest. Understanding the differences in valuation/demand for ecosystem services among groups of stakeholders, characterized by their landscape preferences, provides important information with which to identify potential trade-offs and conflicts, thereby providing insights into the improvement of landscape planning and decision making</subfield>
   </datafield>
   <datafield ind2=" " ind1=" " tag="520">
      <subfield code="a">This research was supported by the project ECOGRADIENTES, funded by the Spanish Ministry of Economy and Competitiveness (CGL2014-53782-P)</subfield>
   </datafield>
   <datafield ind1="8" ind2=" " tag="024">
      <subfield code="a">http://hdl.handle.net/10256/21238</subfield>
   </datafield>
   <datafield tag="653" ind2=" " ind1=" ">
      <subfield code="a">Paisatges culturals -- Andalusia -- Sierra Morena</subfield>
   </datafield>
   <datafield tag="653" ind2=" " ind1=" ">
      <subfield code="a">Cultural landscapes -- Andalucia -- Sierra Morena</subfield>
   </datafield>
   <datafield tag="653" ind2=" " ind1=" ">
      <subfield code="a">Geografia rural</subfield>
   </datafield>
   <datafield tag="653" ind2=" " ind1=" ">
      <subfield code="a">Rural geography</subfield>
   </datafield>
   <datafield ind2="0" ind1="0" tag="245">
      <subfield code="a">Social Valuation of Mediterranean Cultural Landscapes: Exploring Landscape Preferences and Ecosystem Services Perceptions through a Visual Approach</subfield>
   </datafield>
</record></metadata></record></GetRecord></OAI-PMH>